书目信息 |
| 题名: |
中华人民共和国区域地质调查报告
|
|
| 作者: | 朱同兴 编写 ;成都地质矿产研究所 编写 | |
| 分册: | 聂拉木县幅 (H45C004002) | |
| 出版信息: | 北京 地质出版社 2018 |
|
| 页数: | 316页 | |
| 开本: | 30cm | |
| 丛书名: | 中国地质调查局青藏高原1:25万区域地质调查成果系列 | |
| 单 册: | ||
| 中图分类: | P562 , P562.75 | |
| 科图分类: | ||
| 主题词: | 区域地质调查--qu yu di zhi diao cha--调查报告--中国 , 区域地质调查--qu yu di zhi diao cha--调查报告--西藏 | |
| 电子资源: | ||
| ISBN: | 978-7-116-11252-0 | |
| 000 | 01451nam 2200325 45 | |
| 001 | 012001002768 | |
| 005 | 20140101152935.0 | |
| 010 | @a978-7-116-11252-0@dCNY600.00 | |
| 099 | @aCAL 012019105270 | |
| 100 | @a20190904d2018 em y0chiy50 ea | |
| 101 | 0 | @achi |
| 102 | @aCN@b110000 | |
| 105 | @aabk a 000yy | |
| 106 | @ar | |
| 200 | 1 | @a中华人民共和国区域地质调查报告@Azhong hua ren min gong he guo qu yu di zhi diao cha bao gao@e比例尺1:250000@i聂拉木县幅 (H45C004002)@f报告编写朱同兴 ... [等]@g编写单位成都地质矿产研究所 |
| 210 | @a北京@c地质出版社@d2018 | |
| 215 | @a316页@c图 (部分彩图), 地图@d30cm@e《中华人民共和国地质图》1幅 (71x101cm) | |
| 225 | 2 | @a中国地质调查局青藏高原1:25万区域地质调查成果系列@Azhong guo di zhi diao cha ju qing cang gao yuan 1:25 wan qu yu di zhi diao cha cheng guo xi lie |
| 300 | @a项目名称:1:25万聂拉木县幅区域地质调查。项目编号:19991300009031 | |
| 320 | @a有书目 (第302-305页) | |
| 410 | 0 | @12001 @a中国地质调查局青藏高原1:25万区域地质调查成果系列 |
| 517 | 1 | @a聂拉木县幅 (H45C004002)@Anie la mu xian fu (h45c004002) |
| 606 | 0 | @a区域地质调查@Aqu yu di zhi diao cha@x调查报告@y中国 |
| 606 | 0 | @a区域地质调查@Aqu yu di zhi diao cha@x调查报告@y西藏 |
| 690 | @aP562@v5 | |
| 690 | @aP562.75@v5 | |
| 701 | 0 | @a朱同兴@Azhu tong xing@4编写 |
| 712 | 02 | @a成都地质矿产研究所@Acheng dou di zhi kuang chan yan jiu suo@4编写 |
| 801 | 0 | @aCN@b北京卓展@c20191020 |
| 905 | @b1204371@dP562@e145@f1 | |
| 中华人民共和国区域地质调查报告:比例尺1:250000.聂拉木县幅 (H45C004002)/报告编写朱同兴 ... [等]/编写单位成都地质矿产研究所.-北京:地质出版社,2018 |
| 316页:图 (部分彩图), 地图;30cm+《中华人民共和国地质图》1幅 (71x101cm).-(中国地质调查局青藏高原1:25万区域地质调查成果系列) |
| 项目名称:1:25万聂拉木县幅区域地质调查。项目编号:19991300009031 |
| ISBN 978-7-116-11252-0:CNY600.00 |
| ● |
| 相关链接 |
|
|
|
|
正题名:中华人民共和国区域地质调查报告
索取号:P562/145
 
预约/预借
| 序号 | 登录号 | 条形码 | 馆藏地/架位号 | 状态 | 备注 |
| 1 | 1204371 | 212043714 | 第二样本阅览室/ [索取号:P562/145] | 在馆 |